000
00227nam a2200097Ia 4500
008
190216s9999||||xx |||||||||||||| ||und||
100
_a
Mayres J L
245
0
_a
History Of Rome
260
_b
Mac Millian And Com. Ltd
942
_c
BK
999
_c
19037
_d
19037